000 00487nam a2200193Ia 4500
005 20250923150202.0
008 008 250917s9999 xx 000 0 eng d
037 _aTextual
040 _aDSWL
_beng
_cDSWL
041 _aeng
_2eng
084 _qDSWL
245 0 _aLoss and grief
_cEd.by Neil Thompson
260 _aNew York
_b Palgrave Publications
_c2002
300 _a249p.
365 _aGBP
_b18 . 99
925 _g18 . 99
942 _cTEXL
999 _c1460545
_d1460545